000 00886nam a22001817a 4500
008 100705s1994 xxu||||| |||| 00| 0 ara d
020 _a9770137839
082 _222
_a015.62
_bن ص ي
100 1 _915894
_aنصير ، عايدة إبراهيم
245 _aحركة نشر الكتب في مصر في القرن التاسع عشر /
_cعايدة إبراهيم نصير.
260 _aالقاهرة :
_bالهيئة المصرية العامة للكتاب ،
_c1994.
300 _a653 ص :
_bايض ؛
_c24 سم.
500 _aيحتوي على فهرس
541 _aألف باء ؛
_cشراء ؛
650 _915896
_aالببليوجرافيات القومية
_zمصر
942 _2ddc
_cBB
999 _c14377
_d14377